| 000 | 00338nam a2200133Ia 4500 | ||
|---|---|---|---|
| 005 | 20260328104323.0 | ||
| 008 | 260328s9999||||xx |||||||||||||| ||und|| | ||
| 100 | _aDe Botton, Alain | ||
| 245 | 4 |
_aThe Architecture of Happiness / _cAlain De Botton |
|
| 260 | _bPantheon Books | ||
| 300 | _a280 p. | ||
| 650 | _aARQUITECTURA | ||
| 942 | _cBK | ||
| 999 |
_c11403 _d11403 |
||